| 000 | 00000nam 2200000za 4500 |
| 001 | 9.816810 |
| 003 | CaOODSP |
| 005 | 20221107142331 |
| 007 | cr ||||||||||| |
| 008 | 160503s2008 xxc |o f|0| 0 eng d |
| 040 | |aCaOODSP|beng |
| 043 | |an-cn--- |
| 086 | 1 |aHP5-70/2008E-PDF |
| 110 | 2 |aPublic Health Agency of Canada. |bAudit Services Division. |
| 245 | 10|aAudit report |h[electronic resource] : |bhuman resources management. |
| 260 | |a[Ottawa] : |bPublic Health Agency of Canada, |c2008. |
| 300 | |a40 p. : |btables. |
| 500 | |aJune 2008. |
| 500 | |aIssued also in French under title: Rapport de vérification: gestion des ressources humaines. |
| 500 | |aThe catalogue number (HP5-70/2008E) and ISBN (978-1-100-10029-6) for the print edition have been copied in this electronic publication. |
| 692 | 07|2gccst|aAudit |
| 775 | 08|tRapport de vérification |w(CaOODSP)9.816811 |
| 856 | 40|qPDF|s176 KB|uhttps://publications.gc.ca/collections/collection_2016/aspc-phac/HP5-70-2008-eng.pdf |